1325 1417 1954 1405 1508 1286 1243 1299 1500 1096 1323 1865 1067 2000 1367 1406 1875 1985 1455 1133 1964 1614 1865 1224 1606 1262 1345 1474 1061 1624 1384 1119 1854 1087 1493 1272 1640 1664 1799 1869 1210 1334 1258 1967 1281 1748 1621 1926 1972 1784 1232 1923 1942 1376 1475 1145 1376 1239 1288 1955 1798 1235 1570 1893 1173 1007 1733 1277 1516 1416 1899 1676 1040 1910 1122 1899 1566 1338 1295 1678 1908 1874 1615 1315 1805 1122 1292 1978 1715 1662 1751 1757 1695 1453 1325 1458 1817 1873 1483 BCNSPRNW ULIB Ver.6.0+V

เปลี่ยนเป็นภาษาไทย

Change to English
 แสดงรายละเอียดบรรณานุกรม
  กลับหน้าหลัก

Brief Record : Get Marc (ISO 2709) : E-mail record : QR code < ปิดหน้าต่าง
LEADER : 00000nam 2200000uu 4500
001    13399109291
003     ULIB
008    110203s2543||||th 000 0 tha d
020    9746112309(ล.1)
060  4 WA546^bม246ส ล.1 2543
110 1  มหาวิทยาลัยสุโขทัยธรรมาธิราช^bสาขาวิชาวิทยาศาสตร์สุขภาพ
245 00 เอกสารการสอนชุดวิชา สุขภาพส่วนบุคคลและชุมชน หน่วยที่ 1-7=^bPersonal and community health/^cสาขาวิชาวิทยาศาสตร์สุขภาพ มหาวิทยาลัยสุโขทัยธรรมาธิราช
246 0  Personal and community health
250    พิมพ์ครั้งที่ 12
260    นนทบุรี:^bศูนย์หนังสือมหาวิทยาลัยสุโขทัยธรรมาธิราช,^c2543
300    2 เล่ม:^b 1068 หน้า
650  7 อนามัย
650  7 อนามัยชุมชน
650  7 โรค^xการป้องกันและรักษา
945    ^p231^l0^i022844
945    ^p231^l0^i022843
945    ^p231^l0^i022842
945    ^p231^l0^i022841
945    ^p231^l0^i022845
945    ^p231^l0^i022846
945    ^p231^l0^i022847
995    ทศพร
999 ^a ใช้งานได้ทุกระบบ
รายการนี้ยังไม่มีแท็ก
คุณยังไม่ได้ล็อกอิน คุณสามารถมีกิจกรรมร่วมกับเว็บไซต์ได้ แต่ต้องล็อกอินก่อน ::
  ล็อกอิน

รายการสื่อสารสนเทศ

ลำดับที่ ประเภท เลขเรียก/บาร์โค้ด สถานที่ สถานะ
- ไม่พบข้อมูล -

รายการใกล้เคียง
    หัวเรื่อง [อนามัย]
    หัวเรื่อง [อนามัยชุมชน]

BibComment


ยังไม่เคยถูกคอมเมนท์

คอมเมนท์ทรัพยากรรายการนี้
  คอมเมนท์: เอกสารการสอนชุดวิ..


 Copyright 2026. Bcnsprnw @Library